000
00286nam a2200121Ia 4500
008
230511s1955 xx 000 0 und d
041
_a
eng
082
_a
348.044
100
_a
Agarwalla
245
_a
Supreme Court Digest 1955-56
260
_c
1955
906
_a
Supreme Court Cases
999
_c
353849
_d
353849